MARC

LEADER 00000nas a2200000 i 4500
001 ssj0001076707
003 WaSeSS
005 20200512172242.0
006 m d
007 cr n
008 131227u20uuuuuupk f| p|s|||||| |0eng d
035 |a (WaSeSS)ssj0001076707 
040 |a WaSeSS  |b eng  |c WaSeSS  |d WaSeSS 
043 |a a-pk--- 
050 1 4 |a PR9540 
245 0 0 |a NUML journal of critical inquiry  |h [electronic resource]. 
246 1 |a National University of Modern Languages Press journal of critical inquiry 
260 |a Islāmābād, Pakistan :  |b National University of Modern Languages Press 
310 |a Semiannual 
506 |a License restrictions may limit access. 
588 |a Description based on: Volume 9 (1) (June 2011); title from article pdf (ProQuest, viewed Dec. 27, 2013). 
588 |a Latest issue consulted: Volume 10 (2) (December 2012) (viewed Dec. 21, 2013). 
650 0 |a Pakistani literature (English)  |x History and criticism  |v Periodicals. 
650 0 |a Languages, Modern  |x Research  |z Pakistan  |v Periodicals. 
650 0 |a English literature  |y 20th century  |x History and criticism  |v Periodicals. 
651 0 |a Pakistan  |x Civilization  |v Periodicals. 
655 0 |a Electronic journals. 
776 0 8 |i Print version:  |t NUML journal of critical inquiry  |x 2222-5706 
780 0 0 |t NUML research magazine  |x 1814-2877 
856 4 0 |z Full text available from Research Library: 01/01/2011 to present  |u https://search.proquest.com/publication/616373